000 00315nam a2200133Ia 4500
100 _aYakowitz/ S./ Sqidarovszky/ F.
942 _cBK
654 _anumerical computations
245 _aIntrod. to numerical computations
260 _bMacmillan
_aNew York
_c1990
300 _a462
546 _aENGLISH
999 _c21232
_d21232